Adrian Monk Quiz - Statistics

General Stats
  • This quiz has been taken 167 times
    160 since last reset
  • The average score is 9 of 13
Answer Stats
Hint Answer % Correct
star of show adrian monk
96%
second assistant natalie teeger
90%
first assistant sharona fleming
89%
deceased wife of question 1 trudy monk
83%
city where he lives san francisco
78%
daughter of question 4 julie teeger
77%
aboves liuetanant randy disher
70%
captain of the police department leland stottlemeyer
61%
brother of question 1 ambrose monk
57%
actor who plays above tony shalhoub
56%
son of question 3 benjy fleming
52%
sister of question 3 gail fleming
30%
daughter of question 1 molly monk
26%
No matching quizzes found
Score Distribution
Percent of People with Each Score
Percentile by Number Answered
Your Score History
You have not taken this quiz since the last reset